The Third Arab report on the millennium development goals 2010 and the impact of the global economic crises.
| Corporate Authors: | , |
|---|---|
| Format: | Book |
| Published: |
New York:
United Nations,
2010.
|
| Subjects: |
| LEADER | 00516cam a2200145 7i4500 | ||
|---|---|---|---|
| 001 | 0000026215 | ||
| 005 | 20110426090000.0 | ||
| 090 | 0 | 0 | |a WESA 306.09174927 |b UNI |
| 110 | 2 | 0 | |a United Nations |
| 245 | 2 | 0 | |a The Third Arab report on the millennium development goals 2010 and the impact of the global economic crises. |
| 260 | 0 | 0 | |a New York: |b United Nations, |c 2010. |
| 300 | # | # | |a 148 p. |
| 650 | 0 | 0 | |a Arab countries -- |x Economic conditions |
| 710 | 2 | 1 | |a League of Arab States |
| 999 | |a 0000028473 |b Book |c Regions |e Business Information Centre | ||